Dominika czy Dominikana? - Statystyki

Ogólne statystyki
  • Ten quiz został rozwiązany 15 razy
  • Średni wynik to 8 z 13
Statystyki odpowiedzi
Zagadnienie Odpowiedź % Poprawnych
Stolicą jest Santo Domingo Dominikana
100%
Graniczy z Haiti Dominikana
100%
Turystyka jest tam znaczącą gałęzią gospodarki Dominikana
92%
Więcej niż 40% społeczeństwa to katolicy Oba
75%
Znajduje się tam miasto Portsmouth Dominika
67%
Znajduje się tam Morne Diablotins Dominika
67%
Premierem jest tam Roosevelt Skerrit Dominika
67%
Ma wyższe PKB na osobę Dominikana
50%
Językiem urzędowym jest hiszpański Dominikana
50%
Kod samochodowy to DOM Dominikana
50%
Walutą jest dolar wschodniokaraibski Dominika
42%
Należy do Wspólnoty Narodów Dominika
33%
25% ludności państwa zamieszkuje stolicę Dominikana
33%
Nie znaleziono quizów pasujących do podanych kryteriów
Rozkład punktacji
Procent ludzi z każdym wynikiem
Percentyl według liczby udzielonych odpowiedzi
Twoja historia wyników
Nie rozwiązałeś tego quizu